000 00327 a2200109 4500
001 ART_51559
005 20260410161956.0
008 260409a
245 1 0 _aRecuperación económica y judicial
100 1 _aFerro, Carlos A.
773 0 _tTemas de derecho comercial
_g- Año 6, N° 11 (nov. 2020)
_wREV28151
999 _c30807
_d30807